Поиск режимов отбраковочных испытаний изоляции высоковольтных импульсных устройств: диссертация на соискание ученой степени кандидата технических наук; спец. 05.14.12

Podrobná bibliografie
Hlavní autor: Умнов А. Я. Алексей Яковлевич
Korporativní autor: Томский политехнический институт
Další autoři: Ушаков В. Я. Василий Яковлевич (научный руководитель)
Jazyk:ruština
Vydáno: Томск, 1982
Témata:
Médium: MixedMaterials Kniha
KOHA link:https://koha.lib.tpu.ru/cgi-bin/koha/opac-detail.pl?biblionumber=59881

MARC

LEADER 00000nbm0a2200000 4500
001 59881
005 20240116115620.0
035 |a (RuTPU)RU\TPU\book\63341 
090 |a 59881 
100 |a 20040128d1982 k y0rusy50 ca 
101 0 |a rus 
102 |a RU 
105 |a a m 001zy 
200 1 |a Поиск режимов отбраковочных испытаний изоляции высоковольтных импульсных устройств  |e диссертация на соискание ученой степени кандидата технических наук  |e спец. 05.14.12  |f А. Я. Умнов  |g Томский политехнический институт; науч. рук.: В. Я. Ушаков 
210 |a Томск  |d 1982 
215 |a 165 л.  |c ил. 
320 |a Библиогр.: с. 127-144 (141 назв.) 
610 1 |a изоляция 
610 1 |a испытания 
610 1 |a импульсные устройства 
610 1 |a высокие напряжения 
610 1 |a изоляционные материалы 
610 1 |a результаты 
610 1 |a математическое моделирование 
610 1 |a эксперименты 
610 1 |a частота 
610 1 |a отбраковка 
610 1 |a диссертации 
610 1 |a обработка 
675 |a 621.315.6(048)  |v 3 
686 |a 05.14.12  |2 oksvnk 
700 1 |a Умнов  |b А. Я.  |g Алексей Яковлевич 
702 1 |a Ушаков  |b В. Я.  |c специалист в области электроэнергетики  |c профессор Томского политехнического университета, доктор технических наук  |f 1939-  |g Василий Яковлевич  |3 (RuTPU)RU\TPU\pers\10509  |4 727  |9 2236 
712 0 2 |a Томский политехнический институт  |3 (RuTPU)RU\TPU\col\1123 
801 1 |a RU  |b 63413507  |c 20040128  |g PSBO 
801 2 |a RU  |b 63413507  |c 20220124  |g PSBO 
942 |c BK